000 00693nam a2200289Ia 4500
005 20260324125927.0
008 008 260324s9999 xx 000 0 eng d
020 _a9781003447191
037 _aEBOOK
040 _aCRL
040 _beng
040 _cCRL
041 _2eng
041 _aeng
084 _qCRL
100 _aSarita E. Brown; Raymond V. Padilla
_91179859
245 0 _aStudent Success Modeling
245 0 _bElementary School to College
260 _bTaylor and Francis
260 _c2008
365 _a
365 _b135
856 _uhttp://www.taylorfrancis.com/books/9781003447191
942 _cEBOOK
999 _c1775535
_d1775535